Statistics for The Rolling Stones Albums

Click here to take the quiz!

General Stats

  • This quiz has been taken 682 times
  • The average score is 12 of 22

Answer Stats

HintAnswer% Correct
1971Sticky Fingers
84%
1972Exile on Main St.
81%
1969Let It Bleed
80%
1968Beggars Banquet
77%
1978Some Girls
74%
1981Tattoo You
71%
1973Goats Head Soup
69%
1964The Rolling Stones
63%
1966Aftermath
59%
1976Black and Blue
59%
1989Steel Wheels
58%
1997Bridges to Babylon
51%
1980Emotional Rescue
48%
1967Between the Buttons
46%
1994Voodoo Lounge
46%
1967Their Satanic Majesties Request
45%
1974It's Only Rock 'n Roll
44%
2005A Bigger Bang
43%
1965Out of Our Heads
41%
1983Undercover
38%
1986Dirty Work
35%
1965The Rolling Stones No. 2
26%

Score Distribution

Percentile by Number Answered

Percent of People with Each Score

Your Score History

You have not taken this quiz